Las atenuantes emocionales

Uloženo v:
Podrobná bibliografie
Hlavní autoři: Avaria Benaprés, María Paulina (Autor), Navajas Urbina, María Cristina (Autor)
Médium: Kniha
Jazyk:španělština
Vydáno: Santiago Jurídica de Chile 1973
Témata:
Tagy: Přidat tag
Žádné tagy, Buďte první, kdo vytvoří štítek k tomuto záznamu!

MARC

LEADER 00000nam a2200000 a 4500
001 UCS0254
003 CL-VaPUC
008 970418e19730000CL |||||||||||||||||spa|d
082 0 4 |a 345.04  |b AVA  |2 21 
100 0 |a Avaria Benaprés, María Paulina  |e author  |9 383494 
700 0 |a Navajas Urbina, María Cristina  |e author  |9 383495 
245 1 4 |a Las atenuantes emocionales 
300 |a 55 p 
942 |c BK 
945 |d 19970418 00:00:00  |a paguirre 
260 |a Santiago  |b Jurídica de Chile  |c 1973 
650 7 |a DERECHO PENAL  |2 CL-VaPUC  |9 11 
650 0 |a Delitos  |9 224143 
650 0 |a Atenuantes  |9 380889 
650 0 |a Responsabilidad penal  |9 254899 
650 7 |a PSICOLOGIA CRIMINAL  |2 CL-VaPUC  |9 256274 
583 |a last modification  |c 19970418 00:00:00  |k Rodrigo Vera 
999 |c 258493  |d 258491 
952 |0 0  |1 0  |2 ddc  |4 0  |6 345_040000000000000_AVA_1973  |7 0  |8 A  |9 282648  |a BIBDER  |b BIBDER  |d 2019-11-19  |i 1832832  |o 345.04 AVA 1973  |p 1832832  |r 2023-01-25  |w 2019-11-19  |y MX  |k DER 
952 |0 0  |1 0  |2 ddc  |4 0  |6 345_040000000000000_AVA_1973  |7 0  |8 A  |9 282649  |a BIBDER  |b BIBDER  |d 2019-11-19  |i 1832840  |l 3  |m 3  |o 345.04 AVA 1973  |p 1832840  |r 2024-06-10  |s 2024-05-14  |w 2019-11-19  |y MX  |k DER